000 00505nam a2200181Ia 4500
005 20250326125431.0
008 250326s9999 xx 000 0 und d
037 _aTextbook
040 _aFMSL
_beng
_cFMSL
041 _aeng
_2eng
084 _aY33:(X8(A)) L4
_qFMSL
100 _aBell D
_9120944
245 0 _aComing of post-industrial society
_cBell D
260 _aIndia
_bIndia, Arnold-Heinemann
_c1974
300 _a507p
942 _cTB
_hY33:(X8(A)) L4
999 _c1278049
_d1278049